00319nam a22001097a 450000500170000002000220001703500130003903700130005224500750006526000500014030000190019020120412113225.0 a8185938161c00.00 aA-782691 aDPLbENG aPeople of India :bAndaman and Nicobar Islands /cedited by K.S. Singh aMadrasbAnthropological Survey of Indiac1994 a290p.c22 cms.